<?xml version="1.0" encoding="UTF-8"?>
<record
    xmlns:xsi="http://www.w3.org/2001/XMLSchema-instance"
    xsi:schemaLocation="http://www.loc.gov/MARC21/slim http://www.loc.gov/standards/marcxml/schema/MARC21slim.xsd"
    xmlns="http://www.loc.gov/MARC21/slim">

  <leader>00858nam a22002057a 4500</leader>
  <datafield tag="999" ind1=" " ind2=" ">
    <subfield code="c">6460</subfield>
    <subfield code="d">6460</subfield>
  </datafield>
  <controlfield tag="005">20200210084943.0</controlfield>
  <controlfield tag="008">200210b2009    ck a||||r|||| 00| 1 spa d</controlfield>
  <datafield tag="040" ind1=" " ind2=" ">
    <subfield code="a">CO-JMCR</subfield>
    <subfield code="c">CO-JMCR</subfield>
  </datafield>
  <datafield tag="082" ind1=" " ind2=" ">
    <subfield code="a">C / </subfield>
    <subfield code="b">BEAb </subfield>
  </datafield>
  <datafield tag="100" ind1="1" ind2=" ">
    <subfield code="a">Beattie, Robb, </subfield>
    <subfield code="e">autor</subfield>
    <subfield code="9">289</subfield>
  </datafield>
  <datafield tag="245" ind1="1" ind2="3">
    <subfield code="a">El arca de no&#xE9; una ventura /</subfield>
    <subfield code="c">Robb Beattie ; traducido por Gloria Jaramillo ; ilustrado por Marie Allen </subfield>
  </datafield>
  <datafield tag="260" ind1=" " ind2=" ">
    <subfield code="a">Bogot&#xE1; : </subfield>
    <subfield code="b">Panamericana, </subfield>
    <subfield code="c">c2009</subfield>
  </datafield>
  <datafield tag="300" ind1=" " ind2=" ">
    <subfield code="a">[16] p&#xE1;ginas : </subfield>
    <subfield code="b">ilustraciones a color ;</subfield>
    <subfield code="c">18 cm.</subfield>
  </datafield>
  <datafield tag="520" ind1=" " ind2=" ">
    <subfield code="a">El arca que no&#xE9; construy&#xF3; estaba lista, pero los animales ten&#xED;a que embarcarse r&#xE1;pidamente y &#xA1;esa era una tarea bastante dif&#xED;cil! </subfield>
  </datafield>
  <datafield tag="650" ind1="1" ind2="4">
    <subfield code="9">290</subfield>
  </datafield>
  <datafield tag="650" ind1="1" ind2="4">
    <subfield code="9">291</subfield>
  </datafield>
  <datafield tag="700" ind1="1" ind2=" ">
    <subfield code="a">Jaramillo, Gloria, </subfield>
    <subfield code="9">292</subfield>
  </datafield>
  <datafield tag="700" ind1="1" ind2=" ">
    <subfield code="a">Allen, Marie, </subfield>
    <subfield code="9">293</subfield>
  </datafield>
  <datafield tag="952" ind1=" " ind2=" ">
    <subfield code="0">0</subfield>
    <subfield code="1">0</subfield>
    <subfield code="2">ddc</subfield>
    <subfield code="4">0</subfield>
    <subfield code="7">0</subfield>
    <subfield code="a">CPL</subfield>
    <subfield code="b">CPL</subfield>
    <subfield code="c">PROC</subfield>
    <subfield code="d">2019-12-19</subfield>
    <subfield code="e">Donaci&#xF3;n</subfield>
    <subfield code="g">0.00</subfield>
    <subfield code="l">44</subfield>
    <subfield code="m">3</subfield>
    <subfield code="o">C /  BEAb</subfield>
    <subfield code="p">201809712</subfield>
    <subfield code="r">2026-04-27 16:48:59</subfield>
    <subfield code="s">2026-04-27</subfield>
    <subfield code="t">Ej.1</subfield>
    <subfield code="w">2020-02-10</subfield>
    <subfield code="y">BK</subfield>
  </datafield>
</record>
